00629cam a22002053a 45000010005000000030006000050050017000110080041000280400015000690420007000840500007000911000049000982450091001472600029002385060030002675160020002976530037003178300028003548560041003822842PGUSA20140828083022.0060328s2006||||xxu|||||s|||||000 1 eng d aPGUSAbeng adc 4aPR1 aHaggard, H. Riderq(Henry Rider),d1856-192510aBlack Heart and White Heart :bA Zulu Idyllh[electronic resource] /cH. Rider Haggard bProject Gutenberg,c2006 aPublic domain in the USA. aElectronic text aZulu (African people) -- Fiction 0aProject Gutenbergv284240uhttp://www.gutenberg.org/ebooks/2842